Pharmacology for pharmacy technicians / (Record no. 19351)

MARC details
000 -LEADER
fixed length control field 00948cam a2200325 a 4500
001 - CONTROL NUMBER
control field 17438902
003 - CONTROL NUMBER IDENTIFIER
control field MUT
005 - DATE AND TIME OF LATEST TRANSACTION
control field 20240606081456.0
008 - FIXED-LENGTH DATA ELEMENTS--GENERAL INFORMATION
fixed length control field 120820s2013 moua b 001 0 eng
010 ## - LIBRARY OF CONGRESS CONTROL NUMBER
LC control number 2012033782
020 ## - INTERNATIONAL STANDARD BOOK NUMBER
International Standard Book Number 9780323047203
035 ## - SYSTEM CONTROL NUMBER
System control number (DNLM)101590795
040 ## - CATALOGING SOURCE
Transcribing agency MUT
042 ## - AUTHENTICATION CODE
Authentication code pcc
050 00 - LIBRARY OF CONGRESS CALL NUMBER
Classification number RM300
Item number .M62 2009
060 10 - NATIONAL LIBRARY OF MEDICINE CALL NUMBER
Classification number QV 55
082 00 - DEWEY DECIMAL CLASSIFICATION NUMBER
Classification number 615.1/9
Edition information 23
100 1# - MAIN ENTRY--PERSONAL NAME
Personal name Moscou, Kathy.
245 10 - TITLE STATEMENT
Title Pharmacology for pharmacy technicians /
250 ## - EDITION STATEMENT
Edition statement 2nd ed.
260 ## - PUBLICATION, DISTRIBUTION, ETC.
Place of publication, distribution, etc. St. Louis, Mo. :
Name of publisher, distributor, etc. Elsevier/Mosby,
Date of publication, distribution, etc. c2013.
300 ## - PHYSICAL DESCRIPTION
Extent x, 805 p. :
Other physical details col. ill. ;
Dimensions 28 cm.
504 ## - BIBLIOGRAPHY, ETC. NOTE
Bibliography, etc. note Includes bibliographical references and index.
650 12 - SUBJECT ADDED ENTRY--TOPICAL TERM
Topical term or geographic name entry element Pharmaceutical Preparations.
650 22 - SUBJECT ADDED ENTRY--TOPICAL TERM
Topical term or geographic name entry element Pharmacists' Aides.
700 1# - ADDED ENTRY--PERSONAL NAME
Personal name Snipe, Karen R.
906 ## - LOCAL DATA ELEMENT F, LDF (RLIN)
a 7
b cbc
c orignew
d 1
e ecip
f 20
g y-gencatlg
942 ## - ADDED ENTRY ELEMENTS (KOHA)
Source of classification or shelving scheme Library of Congress Classification
Koha item type Books
Holdings
Withdrawn status Lost status Source of classification or shelving scheme Damaged status Not for loan Home library Current library Shelving location Date acquired Source of acquisition Total checkouts Full call number Barcode Date last seen Price effective from Koha item type
    Library of Congress Classification     Murang'a University of Technology Library Murang'a University of Technology Library General stacks 12/06/2019 Donation-TFC   RM300 .M62 2009 026159 30/08/2024 12/06/2019 Books